|
|
|
|
| LEADER |
01865cas a2200241 a 4500 |
| 001 |
AALejournalIMF015341 |
| 008 |
230101c9999 xx r poo 0 0eng d |
| 020 |
|
|
|c 5.00 USD
|
| 020 |
|
|
|z 9781513592787
|
| 022 |
|
|
|a 1934-7685
|
| 040 |
|
|
|a BD-DhAAL
|c BD-DhAAL
|
| 110 |
2 |
|
|a International Monetary Fund.
|b Monetary and Capital Markets Department.
|
| 245 |
1 |
0 |
|a United States :
|b Financial Sector Assessment Program-Financial System Stability Assessment.
|
| 264 |
|
1 |
|a Washington, D.C. :
|b International Monetary Fund,
|c 2015.
|
| 300 |
|
|
|a 1 online resource (111 pages)
|
| 490 |
1 |
|
|a IMF Staff Country Reports
|
| 500 |
|
|
|a <strong>Off-Campus Access:</strong> No User ID or Password Required
|
| 500 |
|
|
|a <strong>On-Campus Access:</strong> No User ID or Password Required
|
| 506 |
|
|
|a Electronic access restricted to authorized BRAC University faculty, staff and students
|
| 520 |
3 |
|
|a This paper discusses the results of the Financial System Stability Assessment on the United States made under the Financial Sector Assessment Program. It is found that welcome steps have been taken in strengthening the financial system. The Financial Stability Oversight Council now provides a useful forum for coordination, the regulatory perimeter has expanded, information sharing among agencies has improved, supervisory stress testing is leading changes in risk measurement and management, and new resolution powers have been established. However, new pockets of vulnerabilities have emerged, partly in response to the continuing search for yield. This requires a continuing focus on strengthening the micro and macroprudential framework.
|
| 538 |
|
|
|a Mode of access: Internet
|
| 830 |
|
0 |
|a IMF Staff Country Reports; Country Report ;
|v No. 2015/170
|
| 856 |
4 |
0 |
|z Full text available on IMF
|u http://elibrary.imf.org/view/journals/002/2015/170/002.2015.issue-170-en.xml
|z IMF e-Library
|